00467cam a22001338a 4500020001500000040000800015082002600023245006300049260006200112300002700174650003500201650005200236710004500288 a1564322319 cUKM04a355 GLO 1999 A020 Or.00aLandmine Monitor report 1999 :btoward a mine-free world / aNew York :bHuman Rights Watch ;aLondon :bGlobal,c1999 a1085 p., maps ;c23 cm 0aLand mines (International law) 0aMines (Military explosives) (International law)2 aInternational Campaign to Ban Land Mines